anime par description - Statistiques

Statistiques générales
  • Ce quiz a été pris 140 fois
  • Le résultat moyen est 8 sur 15
Statistiques - réponses
Hint Réponse % Correct
un père part chercher du lait... son fils part le chercher avec un assassin Hunter X Hunter
88%
un brocoli se fait harceler pars une bombe mais plus ultra My hero academia
79%
est-ce que les fées ont des queues ?? Fairy Tail
74%
il est bloqué dans un jeux vidéo mais pas grave c'est le plus fort et il vie sa meilleur vie dans la campagne avec sa waifu et leur fille Sword Art Online
72%
des hommes singes qui changent plus de couleur de cheveux que de vêtement et crie tout le temps mais leur crie pourrai potentiellement détruire la terre Dragon Ball
67%
son père la confondu avec une pokéball et s'est fait rejeter par tout le monde à cause de ça puis il a sauvé le monde et tout ces hypocrites ont bien retourné leur veste Naruto
57%
le piano le rend sourd mais une blonde lui fait retrouver l'audition... enfin pour un certain temps Your Lie in April
55%
à la base elle voulait juste expérimenter des poisons elle se retrouve à résoudre les problèmes du palais et du pays avec un prince complètement fou d'elle Les carnets de l'apothicaire
50%
je suis pas une victime je viens de me faire péter la gueule ??? (retake ayez la ref s'il vous plat...) Tokyo Revengers
37%
des égoistes, un schizo, une princesse, un héro, un caméléon, un génie flemmard, un roi, un prodige, un mec sty', un complexé, un corbeau, un ninja, un mannequin aveugle, une glace choco vanille fraise et pleins d'autre taré tous séquestré par un fou a lunette et coupe au bol frustré de ne pas avoir réaliser son rêve Blue Lock
36%
des corbeaux font la guerre avec des chats (guerre des poubelle), y'a aussi des histoire de roi et de petit géant Haikyuu
35%
à la base il devait voler un cerveau mais il a volé une main... (un conseil dormais avec un casque sur les oreilles) Parasyte
32%
il fait des discours a sa crush pour qu'elle n'abandonne pas son rêve et ne parte pas du japon puis ils se retrouvent a vivre ensemble et s'encouragent mutuellement pour réaliser leur rêve commun: participer aux nationals Blue Box
29%
au début il vie pour tuer mais après c'est peace and love (traumatisme de vengeance) Vinland Saga
23%
c'est vrai que passer 10 ans avec des personnes c'est pas assez pour leur parler alors elle part le retrouver au paradis Frieren
19%
Aucun quiz correspondant
Distribution des résultats
% des personnes avec chaque résultat
Percentile par nombre de réponses
Votre historique - résultats
Vous n’avez pas pris ce quiz